| 000 | 00339nas a22001337a 4500 | ||
|---|---|---|---|
| 999 |
_c22672 _d22672 |
||
| 003 | VITAP | ||
| 005 | 20181117143036.0 | ||
| 008 | 181029b ||||| |||| 00| 0 eng d | ||
| 022 | _a0253-4142 | ||
| 040 | _cVITAP | ||
| 245 | _aProceedings Mathematical Sciences | ||
| 260 |
_aBengaluru _bIndian Academy of Sciences |
||
| 942 |
_2ddc _cJOURNAL _s1 |
||